| 000 | 00597nam a2200217Ii 4500 | ||
|---|---|---|---|
| 003 | JO-AjNU | ||
| 008 | 230606s9999||||xx |||||||||||||| ||und|| | ||
| 020 | _a0-13-6003337-7 | ||
| 040 |
_aJO-AjNU _beng _erda _cJO-AjNU |
||
| 041 | _aeng | ||
| 050 | 1 | 4 | _aQA76.73.j38.2001 |
| 100 | 3 |
_aCASTR,ELIZABETH, _eauthor _9555 |
|
| 245 | 0 | 0 | _aHTML XHTML CSS |
| 250 | _a6 ed | ||
| 264 | 3 | 1 | _aPearson Education International :new york,2009 |
| 300 | _a822p | ||
| 336 |
_atext _btxt _2rdacontent |
||
| 337 |
_aunmediated _bn _2rdamedia |
||
| 338 |
_avolume _bnc _2rdacarrier |
||
| 650 | 4 |
_aOPERATING SYSTEMS _9556 |
|
| 999 |
_aE294 _c294 _d294 |
||